[Event "Ruhrgebiet Verbandsliga Gruppe 1 1819"]
[Site "Nordrheinwestfalen"]
[Date "2018.10.07"]
[Round "2.5"]
[White "Rohloff, Markus"]
[Black "Schmidt, Ralph"]
[Result "0-1"]
[WhiteElo "1901"]
[BlackElo "1934"]
[PlyCount "48"]
[EventDate "2018.09.23"]
[EventType "team-tourn"]
[EventRounds "9"]
[EventCountry "GER"]
[SourceTitle "EXT 2022"]
[Source "ChessBase"]
[SourceDate "2021.10.06"]
[SourceVersion "1"]
[SourceVersionDate "2021.10.06"]
[SourceQuality "1"]
[WhiteTeam "Altenessen"]
[BlackTeam "Bochum-Linden"]
[WhiteTeamCountry "GER"]
[BlackTeamCountry "GER"]

1. e4 e5 2. f4 exf4 3. Nf3 Nf6 4. e5 Nh5 5. d4 d6 6. Bc4 d5 7. Bd3 c5 8. c3 Bg4 9. 0-0 Nc6 10. Na3 cxd4 11. cxd4 Qb6 12. Nc2 Be7 13. Bd2 Nxe5 14. Re1 Bxf3 15. gxf3 Nxd3 16. Rxe7+ Kxe7 17. Qe2+ Kf8 18. Kh1 Qg6 19. Rd1 Re8 20. Qf1 Kg8 21. Bc3 Nxb2 22. Re1 Rxe1 23. Qxe1 h6 24. Nb4 Nd3 0-1

[Event "Ruhrgebiet Verbandsklasse Gruppe 1 1617"]
[Site "Germany"]
[Date "2016.10.30"]
[Round "3.8"]
[White "Rohloff, Markus"]
[Black "Bommert, Christian"]
[Result "1-0"]
[WhiteElo "1875"]
[BlackElo "1803"]
[PlyCount "53"]
[EventDate "2016.09.04"]
[EventType "team-tourn"]
[EventRounds "9"]
[EventCountry "GER"]
[SourceTitle "EXT 2022"]
[Source "ChessBase"]
[SourceDate "2021.10.06"]
[SourceVersion "1"]
[SourceVersionDate "2021.10.06"]
[SourceQuality "1"]
[WhiteTeam "Altenessen"]
[BlackTeam "Dortmund FS"]
[WhiteTeamCountry "GER"]
[BlackTeamCountry "GER"]

1. e4 d5 2. exd5 Qxd5 3. Nc3 Qd6 4. d4 Nf6 5. Nf3 a6 6. Bc4 b5 7. Bb3 g6 8. 0-0 Bg7 9. Ne5 0-0 10. Bf4 Qb6 11. Re1 e6 12. a4 b4 13. a5 Qa7 14. Na2 Rd8 15. Qe2 Nd5 16. Bxd5 exd5 17. Nxf7 Rf8 18. Nh6+ Kh8 19. Be5 Nc6 20. Bxg7+ Kxg7 21. Nxb4 Bb7 22. Nxc6 Bxc6 23. Qe7+ Kxh6 24. Re3 Rf5 25. g4 Qxd4 26. Rh3+ Rh5 27. g5# 1-0

[Event "Ruhrgebiet Verbandsklasse Gruppe 1 1617"]
[Site "Germany"]
[Date "2016.09.04"]
[Round "1.8"]
[White "Kuerschners, Stefan"]
[Black "Rohloff, Markus"]
[Result "1/2-1/2"]
[WhiteElo "1967"]
[BlackElo "1875"]
[PlyCount "70"]
[EventDate "2016.09.04"]
[EventType "team-tourn"]
[EventRounds "9"]
[EventCountry "GER"]
[SourceTitle "EXT 2022"]
[Source "ChessBase"]
[SourceDate "2021.10.06"]
[SourceVersion "1"]
[SourceVersionDate "2021.10.06"]
[SourceQuality "1"]
[WhiteTeam "Oberhausen SV III"]
[BlackTeam "Altenessen"]
[WhiteTeamCountry "GER"]
[BlackTeamCountry "GER"]

1. e4 e6 2. d4 d5 3. Nd2 c5 4. c3 cxd4 5. cxd4 dxe4 6. Nxe4 Bb4+ 7. Nc3 Nc6 8. Nf3 Nge7 9. Bd3 0-0 10. 0-0 a6 11. Be3 Nd5 12. Rc1 Qa5 13. Bb1 f5 14. Qd3 Bd7 15. Bd2 Nce7 16. Rfe1 Rae8 17. Ne5 Bc8 18. Qh3 Ng6 19. Nc4 Qd8 20. a3 Bxc3 21. bxc3 b5 22. Ne5 Bb7 23. Qg3 Nxe5 24. Rxe5 Qf6 25. Rce1 Bc6 26. f4 Qg6 27. Qxg6 hxg6 28. Rxe6 Rxe6 29. Rxe6 Bb7 30. Ba2 Kh7 31. Rd6 Nf6 32. Rb6 Re8 33. Re6 Rc8 34. Rb6 Re8 35. Re6 Rc8 1/2-1/2

[Event "Ruhrgebiet Verbandsklasse Gruppe 3 1516"]
[Site "Germany"]
[Date "2016.01.24"]
[Round "6.8"]
[White "Wefers, Simon"]
[Black "Rohloff, Markus"]
[Result "0-1"]
[WhiteElo "1518"]
[BlackElo "1861"]
[PlyCount "60"]
[EventDate "2015.09.06"]
[EventType "team-tourn"]
[EventRounds "9"]
[EventCountry "GER"]
[SourceTitle "EXT 2022"]
[Source "ChessBase"]
[SourceDate "2021.10.06"]
[SourceVersion "1"]
[SourceVersionDate "2021.10.06"]
[SourceQuality "1"]
[WhiteTeam "Ahlen SV II"]
[BlackTeam "Altenessen"]
[WhiteTeamCountry "GER"]
[BlackTeamCountry "GER"]

1. e4 e6 2. d4 d5 3. e5 c5 4. c3 Qb6 5. Nf3 Nc6 6. a3 cxd4 7. cxd4 Nh6 8. b4 Nf5 9. Be3 Bd7 10. Be2 Rc8 11. 0-0 Be7 12. Qd2 0-0 13. Nc3 Nd8 14. Rac1 f6 15. exf6 Bxf6 16. Bd3 Nxe3 17. fxe3 Nf7 18. Ne2 e5 19. dxe5 Nxe5 20. Nf4 Rxc1 21. Rxc1 Nxf3+ 22. gxf3 d4 23. Bc4+ Kh8 24. Nd5 dxe3 25. Qe2 Qd6 26. Rd1 Bh3 27. Nxe3 Bd4 28. Kh1 Re8 29. Nf5 Rxe2 30. Nxd6 Bg2# 0-1

[Event "Ruhrgebiet Verbandsliga Gruppe 2 1415"]
[Site "Germany"]
[Date "2015.03.01"]
[Round "7.7"]
[White "Braun, Uwe"]
[Black "Rohloff, Markus"]
[Result "0-1"]
[WhiteElo "1795"]
[BlackElo "1836"]
[PlyCount "74"]
[EventDate "2014.09.21"]
[EventType "team-tourn"]
[EventRounds "9"]
[EventCountry "GER"]
[SourceTitle "EXT 2022"]
[Source "ChessBase"]
[SourceDate "2021.10.06"]
[SourceVersion "1"]
[SourceVersionDate "2021.10.06"]
[SourceQuality "1"]
[WhiteTeam "Bottrop SV"]
[BlackTeam "Altenessen"]
[WhiteTeamCountry "GER"]
[BlackTeamCountry "GER"]

1. d4 Nf6 2. c4 g6 3. Nc3 Bg7 4. e4 d6 5. f3 0-0 6. Be3 e5 7. d5 Ne8 8. Bd3 Nd7 9. Qd2 a6 10. Nge2 f5 11. exf5 gxf5 12. g3 Ndf6 13. Bh6 Rf7 14. Bg5 Bd7 15. 0-0-0 b5 16. cxb5 axb5 17. b4 c5 18. dxc6 Bxc6 19. Bxf5 Rc7 20. Kb1 Ra3 21. Be6+ Kh8 22. Nd5 Rca7 23. Nec3 Qa8 24. Nxf6 Nxf6 25. Rhf1 d5 26. Bxf6 Bxf6 27. Nxd5 Rxa2 28. Nb6 Be4+ 29. fxe4 Qxe4+ 30. Qd3 Qxb4+ 31. Qb3 Ra1+ 32. Kc2 Qe4+ 33. Qd3 Rc7+ 34. Kb2 Qg2+ 35. Kb3 Qa2+ 36. Kb4 Be7+ 37. Qd6 Qa3+ 0-1

[Event "Ruhrgebiet Verbandsliga Gruppe 2 1415"]
[Site "Germany"]
[Date "2015.01.18"]
[Round "5"]
[White "Rohloff, Markus"]
[Black "Pilat, Fabian"]
[Result "0-1"]
[WhiteElo "1836"]
[BlackElo "1948"]
[PlyCount "76"]
[EventDate "2014.09.21"]
[EventType "team-tourn"]
[EventRounds "9"]
[EventCountry "GER"]
[SourceTitle "EXT 2022"]
[Source "ChessBase"]
[SourceDate "2021.10.06"]
[SourceVersion "1"]
[SourceVersionDate "2021.10.06"]
[SourceQuality "1"]
[WhiteTeam "Altenessen"]
[BlackTeam "Bochum SG III"]
[WhiteTeamCountry "GER"]
[BlackTeamCountry "GER"]

1. e4 c5 2. Nf3 e6 3. d4 cxd4 4. Nxd4 a6 5. Bc4 b5 6. Bb3 Qc7 7. Be3 Bb7 8. f3 Nf6 9. Nc3 Bb4 10. Qd2 d5 11. e5 Qxe5 12. 0-0-0 Qc7 13. Bf4 Qa5 14. Qe2 0-0 15. g4 Bxc3 16. bxc3 Qxc3 17. Be5 Nbd7 18. Kb1 Nxe5 19. Qxe5 a5 20. Rd3 Qc5 21. c3 a4 22. Bc2 b4 23. Nxe6 fxe6 24. g5 Qb6 25. gxf6 bxc3+ 26. Kc1 Qb2+ 27. Kd1 Qa1+ 28. Ke2 Qxh1 29. Qxe6+ Rf7 30. Rxc3 Qxh2+ 31. Kd1 Qg1+ 32. Ke2 d4 33. Bxh7+ Kxh7 34. Qxf7 Ba6+ 35. Kd2 dxc3+ 36. Kxc3 Qe3+ 37. Kb4 Qd4+ 38. Ka5 Bd3+ 0-1

[Event "Ruhrgebiet VK1 1213"]
[Site "Nordrheinwestfalen"]
[Date "2013.02.24"]
[Round "7.8"]
[White "Boettger, Siegfried"]
[Black "Rohloff, Markus"]
[Result "1/2-1/2"]
[WhiteElo "1574"]
[BlackElo "1869"]
[PlyCount "81"]
[EventDate "2012.09.02"]
[EventType "team-tourn"]
[EventRounds "9"]
[EventCountry "GER"]
[SourceTitle "EXT 2020"]
[Source "ChessBase"]
[SourceDate "2019.10.17"]
[SourceVersion "1"]
[SourceVersionDate "2019.10.17"]
[SourceQuality "1"]
[WhiteTeam "Rochade Eving"]
[BlackTeam "Altenessen"]
[WhiteTeamCountry "GER"]
[BlackTeamCountry "GER"]

1. e4 e6 2. d4 d5 3. Nc3 Bb4 4. e5 c5 5. a3 Bxc3+ 6. bxc3 Qc7 7. f4 cxd4 8. cxd4 Qc3+ 9. Bd2 Qxd4 10. Nf3 Qc5 11. Bd3 Nc6 12. Qe2 Nh6 13. c4 Nd4 14. Nxd4 Qxd4 15. Rc1 dxc4 16. Rxc4 Qa1+ 17. Bc1 0-0 18. 0-0 Rd8 19. Qc2 b5 20. Rb4 a5 21. Rb2 Qxa3 22. Bxh7+ Kh8 23. Be4 Ra7 24. Rxb5 Qe7 25. Rc5 Ba6 26. Re1 Rad7 27. h3 Qh4 28. Qf2 Qxf2+ 29. Kxf2 Bd3 30. Bxd3 Rxd3 31. Rxa5 Nf5 32. g4 Nh4 33. Re3 Rd1 34. Kg3 Ng6 35. Ba3 R8d3 36. Kf2 R1d2+ 37. Re2 Rxe2+ 38. Kxe2 Nxf4+ 39. Ke1 Rxh3 40. Ra8+ Kh7 41. Bd6 1/2-1/2

[Event "Ruhrgebiet VK1 1213"]
[Site "Nordrheinwestfalen"]
[Date "2012.12.02"]
[Round "4.8"]
[White "Rohloff, Markus"]
[Black "Kraus, Tanja"]
[Result "1/2-1/2"]
[WhiteElo "1869"]
[BlackElo "1678"]
[PlyCount "70"]
[EventDate "2012.09.02"]
[EventType "team-tourn"]
[EventRounds "9"]
[EventCountry "GER"]
[SourceTitle "EXT 2020"]
[Source "ChessBase"]
[SourceDate "2019.10.17"]
[SourceVersion "1"]
[SourceVersionDate "2019.10.17"]
[SourceQuality "1"]
[WhiteTeam "Altenessen"]
[BlackTeam "Wattenscheid SV IV"]
[WhiteTeamCountry "GER"]
[BlackTeamCountry "GER"]

1. e4 Nf6 2. e5 Nd5 3. d4 d6 4. f4 dxe5 5. fxe5 Nc6 6. Nf3 Bg4 7. c3 e6 8. Be2 Be7 9. 0-0 0-0 10. a3 a5 11. c4 Nb6 12. Be3 f6 13. Nbd2 Qd7 14. exf6 Bxf6 15. Nb3 Rad8 16. Nc5 Qc8 17. Ne5 Bxe2 18. Qxe2 Nxd4 19. Bxd4 Rxd4 20. Ng4 Rd6 21. Nxf6+ Rxf6 22. Rxf6 gxf6 23. Qg4+ Kh8 24. Rf1 f5 25. Qf4 Nd7 26. h3 b6 27. Nxd7 Qxd7 28. Qh6 Qg7 29. Qh5 Qg6 30. Qf3 Qg5 31. c5 Rd5 32. cxb6 cxb6 33. Qc3+ Qg7 34. Qc8+ Qg8 35. Qc3+ Qg7 1/2-1/2

[Event "Ruhrgebiet VK3 0910"]
[Site "Ruhrgebiet"]
[Date "2010.02.07"]
[Round "6.6"]
[White "Rohloff, Markus"]
[Black "Specht, Ingo"]
[Result "0-1"]
[WhiteElo "1850"]
[BlackElo "1780"]
[PlyCount "68"]
[EventDate "2009.09.06"]
[EventType "team"]
[EventRounds "9"]
[EventCountry "GER"]
[SourceTitle "EXT 2011"]
[Source "ChessBase"]
[SourceDate "2010.11.26"]
[SourceVersion "1"]
[SourceVersionDate "2010.11.26"]
[SourceQuality "1"]
[WhiteTeam "Haltern"]
[BlackTeam "Boenen SV"]
[WhiteTeamCountry "GER"]
[BlackTeamCountry "GER"]

1. e4 c5 2. Nf3 d6 3. d4 cxd4 4. Nxd4 Nf6 5. Nc3 a6 6. Bc4 Nbd7 7. Be3 b5 8. Bb3 Nc5 9. Ndxb5 Bg4 10. f3 Nxb3 11. axb3 axb5 12. fxg4 Rxa1 13. Qxa1 Nxg4 14. Ba7 Qc7 15. Nxb5 Qxc2 16. 0-0 f6 17. Qa4 Kf7 18. Nc3 e6 19. Bd4 Be7 20. h3 Ne5 21. Bxe5 dxe5 22. Qc4 Qxb2 23. Rb1 Qa3 24. b4 Rb8 25. b5 Qc5+ 26. Qxc5 Bxc5+ 27. Kf1 Ke7 28. Ke2 f5 29. Kd3 Kd6 30. Kc4 Bd4 31. Rb3 Rc8+ 32. Kd3 Rxc3+ 33. Rxc3 Bxc3 34. Kxc3 Kc5 0-1

[Event "Ruhrgebiet VK3 0910"]
[Site "Ruhrgebiet"]
[Date "2009.10.04"]
[Round "2.6"]
[White "Czilwik, Frank"]
[Black "Rohloff, Markus"]
[Result "0-1"]
[WhiteElo "1724"]
[BlackElo "1850"]
[PlyCount "70"]
[EventDate "2009.09.06"]
[EventType "team"]
[EventRounds "9"]
[EventCountry "GER"]
[SourceTitle "EXT 2011"]
[Source "ChessBase"]
[SourceDate "2010.11.26"]
[SourceVersion "1"]
[SourceVersionDate "2010.11.26"]
[SourceQuality "1"]
[WhiteTeam "Gelsenkirchen"]
[BlackTeam "Haltern"]
[WhiteTeamCountry "GER"]
[BlackTeamCountry "GER"]

1. e4 e6 2. d4 d5 3. exd5 exd5 4. c4 Nf6 5. Nc3 Be7 6. Bd3 dxc4 7. Bxc4 Nc6 8. Nge2 0-0 9. 0-0 Bf5 10. a3 a6 11. Bf4 Bd6 12. Qd2 Re8 13. b4 b5 14. Bb3 Ne4 15. Nxe4 Rxe4 16. Be3 Qh4 17. g3 Qh3 18. f3 Rh4 19. Nf4 Bxf4 20. Bxf4 Nxd4 21. gxh4 Nxb3 22. Qd5 Re8 23. Qxb3 Re6 24. Bg3 Rg6 25. Qb2 Qxh4 26. Rae1 h5 27. Rf2 Bh3 28. Qe5 Rg5 29. Qe4 Rxg3+ 30. Kh1 Rg4 31. Qc2 Bg2+ 32. Kg1 Bxf3+ 33. Kf1 Qh3+ 34. Rg2 Bxg2+ 35. Kf2 Qf3+ 0-1